000 00425 a2200145 4500
001 ART_3710
005 20260410161717.0
008 260409a
245 1 0 _aSobreviviendo en la Convertibilidad.
100 1 _aLópez, Andrés
700 1 _aChudnovsky, Daniel
700 1 _aPupato, Germán
700 1 _aRossi, Gastón
773 0 _tDesarrollo económico
_g- Vol. 44, Nº 175 (oct./dic. 2004)
_wREV1174
999 _c16641
_d16641